[Event "TS"]
[Site "Belgrade YUG"]
[Date "2003.04.22"]
[Round "4"]
[White "Nikolic,Dragos"]
[Black "Matovic,P"]
[Result "1-0"]
[WhiteElo "2275"]
[BlackElo "2321"]

1.Nf3 d5 2.g3 Bf5 3.Bg2 e6 4.O-O Nf6 5.c4 c6 6.b3 Bc5 7.d4 Bd6 8.Bb2 O-O
9.Nc3 a5 10.a3 Na6 11.Rc1 Qe7 12.c5 Bc7 13.Na4 Nd7 14.Nh4 Bg4 15.Qc2 g5 16.Nf3 Bf5
17.Qd2 f6 18.Bc3 Nab8 19.Ra1 Be4 20.Qb2 f5 21.Bd2 f4 22.Nc3 Bg6 23.b4 e5
24.dxe5 Nxe5 25.Rad1 Nbd7 26.Bc1 Nc4 27.Qb3 axb4 28.axb4 Rf7 29.Nd4 Nce5
30.Rfe1 fxg3 31.fxg3 h6 32.Bxd5 cxd5 33.Nxd5 Qf8 34.Ne6 Qb8 35.Nexc7 Ra1
36.Nb5 Kh7 37.Nd6 Rf8 38.Bb2 Rxd1 39.Rxd1 b6 40.Qe3 Nf7 41.Qe7  1-0

[Event "5th Open"]
[Site "Dubai UAE"]
[Date "2003.04.22"]
[Round "3"]
[White "Anastasian,A"]
[Black "Volkov,S"]
[Result "1/2-1/2"]
[WhiteElo "2561"]
[BlackElo "2634"]

1.Nf3 d5 2.g3 c6 3.Bg2 Nf6 4.O-O Bg4 5.h3 Bxf3 6.Bxf3 Nbd7 7.d3 e5 8.e4 dxe4
9.dxe4 Qc7 10.Qe2 O-O-O 11.Nd2 h5 12.h4 g6 13.Nc4 Nb6 14.Bg5 Be7 15.a4 Ne8
16.Nxb6+ axb6 17.Be3 Bc5 18.Bxc5 bxc5 19.a5 Nd6 20.Rfd1 Nb5 21.c3 Rxd1+ 22.Qxd1 Rd8
23.Qa4 Rd2 24.a6 bxa6 25.Qxa6+ Qb7 26.Qa5 Rxb2 27.Rd1 Nc7 28.Qxc5 Qb6 29.Qf8+ Kb7
30.Rf1 Qb3 31.Bg2 Rb1 32.Rxb1 Qxb1+ 33.Bf1 Qxe4 34.Qxf7 Kb6 35.Bg2 Qe1+ 36.Kh2 Nd5
37.c4 Nb4 38.Qxg6 Qxf2 39.Qd6 Qb2 40.Kh3 Qc3 41.Be4 Qxc4 42.Qb8+ Kc5 43.Qxe5+ Nd5
44.Bf3 Qf1+ 45.Bg2 Qd1 46.Qf5 Kd6 47.Qf2 Qg4+ 48.Kh2 Qg7 49.Qf3 Qe5 50.Qa3+ Kc7
51.Qa7+ Kd8 52.Qa5+ Kc8 53.Bf3 Qf5 54.Bg2 Qe5 55.Qa7 Qe2 56.Qf7 Kd8 57.Qf3 Qxf3  1/2-1/2

[Event "Commonwealth Ch"]
[Site "Mumbai IND"]
[Date "2003.04.22"]
[Round "4"]
[White "Suvrajit,S"]
[Black "Amit Kumar,M"]
[Result "1-0"]
[WhiteElo "2391"]
[BlackElo "2271"]

1.Nf3 d5 2.g3 c5 3.Bg2 Nc6 4.O-O Nf6 5.d3 Bg4 6.h3 Bxf3 7.exf3 e6 8.Re1 Bd6
9.f4 O-O 10.Nd2 Qc7 11.Nf3 Rfe8 12.c3 d4 13.cxd4 cxd4 14.Bd2 Qb6 15.Rb1 Qa6
16.b4 b5 17.Qb3 Rac8 18.a3 Nd5 19.f5 Nc7 20.Rbc1 e5 21.Ng5 Nd8 22.Rc6 Nxc6
23.Qxf7+ Kh8 24.Qh5 h6 25.Nf7+ Kg8 26.Nxh6+ gxh6 27.Qg6+ Kh8 28.Qxh6+ Kg8
29.Qg6+ Kh8 30.f6 Re7 31.Re4 Rh7 32.Rh4 Rxh4 33.Qg7+  1-0

[Event "Commonwealth Ch"]
[Site "Mumbai IND"]
[Date "2003.04.22"]
[Round "4"]
[White "Goswami,V"]
[Black "Thakurta,S"]
[Result "1-0"]
[WhiteElo "2292"]
[BlackElo "2111"]

1.Nf3 d5 2.g3 Nf6 3.Bg2 Bg4 4.c4 e6 5.Qb3 Bxf3 6.Qxf3 Nc6 7.cxd5 Nxd5 8.Qb3 Bc5
9.Nc3 Nd4 10.Qd1 O-O 11.O-O c6 12.e3 Nxc3 13.bxc3 Nb5 14.c4 Nc7 15.d4 Be7
16.Bb2 Rb8 17.a4 a5 18.Bc3 Na6 19.f4 Bb4 20.Bb2 Nc7 21.Qc2 Qd7 22.Rac1 Rfc8
23.e4 b5 24.axb5 cxb5 25.c5 a4 26.f5 a3 27.Ba1 Ba5 28.Qb3 b4 29.d5 exd5 30.exd5 Na6
31.Bd4 Qb5 32.Qe3 b3 33.Qg5 f6 34.Bxf6 Qd7 35.Bd4 b2 36.Rb1 Nxc5 37.f6 Qf7
38.d6 h6 39.Qg4 Nb3 40.Bd5 Nxd4 41.Qxg7+  1-0

[Event "Commonwealth Ch"]
[Site "Mumbai IND"]
[Date "2003.04.22"]
[Round "4"]
[White "Balasubramaniun,R"]
[Black "Sandipan,C"]
[Result "0-1"]
[WhiteElo "2325"]
[BlackElo "2478"]

1.Nf3 d5 2.g3 Nf6 3.Bg2 e6 4.d3 Be7 5.O-O O-O 6.Nbd2 c5 7.e4 Nc6 8.Re1 b5
9.c3 Rb8 10.Qc2 b4 11.Nf1 bxc3 12.bxc3 d4 13.Bf4 Rb6 14.Ne5 Nxe5 15.Bxe5 Nd7
16.cxd4 Nxe5 17.dxe5 Ba6 18.Red1 Qd4 19.Rab1 Rfb8 20.Rxb6 Rxb6 21.Rd2 Bg5
22.Ne3 Bxe3 23.fxe3 Qxe3+ 24.Kf1 c4 25.Rd1 cxd3 26.Qf2 Qe2+  0-1

[Event "Commonwealth Ch"]
[Site "Mumbai IND"]
[Date "2003.04.23"]
[Round "5"]
[White "Deepan,C"]
[Black "Ganguly,S"]
[Result "1/2-1/2"]
[WhiteElo "2379"]
[BlackElo "2542"]

1.Nf3 d5 2.g3 g6 3.Bg2 Bg7 4.O-O e5 5.d3 Ne7 6.e4 O-O 7.Nbd2 Nbc6 8.c3 h6
9.Re1 Be6 10.exd5 Bxd5 11.b4 a6 12.Bb2 Re8 13.a3 Qd7 14.Ne4 b6 15.Qc2 Rad8
16.Rad1 f5 17.Ned2 Bf7 18.Nb3 Nc8 19.c4 Nd6 20.Nfd2 Rc8 21.Rc1 Re6  1/2-1/2

[Event "Commonwealth Ch"]
[Site "Mumbai IND"]
[Date "2003.04.23"]
[Round "6"]
[White "Vakhidov,T"]
[Black "Deepan,C"]
[Result "1/2-1/2"]
[WhiteElo "2546"]
[BlackElo "2379"]

1.Nf3 d5 2.g3 Nf6 3.Bg2 c6 4.O-O Bg4 5.d4 Nbd7 6.Nbd2 e6 7.Re1 Be7 8.e4 dxe4
9.Nxe4 Nxe4 10.Rxe4 Bf5 11.Re1 O-O 12.c3 h6 13.Qb3 Qb6 14.Nd2 a5 15.Qxb6 Nxb6
16.a4 Nd5  1/2-1/2

[Event "5th Open"]
[Site "Dubai UAE"]
[Date "2003.04.24"]
[Round "5"]
[White "Jasim,A"]
[Black "Mchedlishvili,M"]
[Result "0-1"]
[WhiteElo "2300"]
[BlackElo "2560"]

1.Nf3 d5 2.g3 c6 3.Bg2 Bg4 4.c4 e6 5.O-O Nd7 6.cxd5 exd5 7.Nc3 Ngf6 8.d3 Be7
9.h3 Bh5 10.e4 dxe4 11.dxe4 Nc5 12.Qe2 Qd3 13.Qxd3 Nxd3 14.Rd1 O-O-O 15.g4 Bg6
16.Ne1 Nxc1 17.Raxc1 Rxd1 18.Rxd1 Nd7 19.Nf3 Rd8 20.Nd4 Nc5 21.Nf5 Rxd1+
22.Nxd1 Bf8 23.Nde3 f6 24.Nc4 Kc7 25.e5 Bf7 26.exf6 gxf6 27.b3 Nd3 28.Be4 Nc1
29.Nd4 Bc5 30.Nc2 h6 31.N2e3 Nxa2 32.Nf5 Bf8  0-1

[Event "Commonwealth Ch"]
[Site "Mumbai IND"]
[Date "2003.04.24"]
[Round "7"]
[White "Venkatesh,M"]
[Black "Dhar,S"]
[Result "1-0"]
[WhiteElo "2391"]
[BlackElo "2185"]

1.Nf3 d5 2.g3 Bf5 3.Bg2 Nf6 4.O-O e6 5.d3 h6 6.Nbd2 Be7 7.Qe1 O-O 8.e4 Bh7
9.Ne5 c6 10.f4 Nbd7 11.Nxd7 Qxd7 12.e5 Ne8 13.g4 f5 14.exf6 Bxf6 15.Nf3 Nd6
16.Bh3 Bd8 17.Ne5 Bb6+ 18.Be3 Qe7 19.Kh1 Rae8 20.Bxb6 axb6 21.Qe3 b5 22.g5 hxg5
23.fxg5 Bf5 24.Bxf5 exf5 25.Qh3 Qxe5 26.g6 Rf6 27.Qh7+ Kf8 28.Rae1 Ne4 29.dxe4 dxe4
30.Qh8+ Ke7 31.Qxg7+ Kd6 32.Rd1+ Kc5 33.Qxb7 Re7 34.b4+ Kxb4 35.Qb6 e3 36.Rd4+ Kc3
37.Rfd1 Rd7 38.Qa5+ Kxc2 39.Rc1+  1-0

[Event "Commonwealth Ch"]
[Site "Mumbai IND"]
[Date "2003.04.25"]
[Round "8"]
[White "Deepan,C"]
[Black "Swathi,G"]
[Result "1-0"]
[WhiteElo "2379"]
[BlackElo "2280"]

1.Nf3 d5 2.g3 Bg4 3.Bg2 Nd7 4.O-O c6 5.d3 e5 6.c4 d4 7.h3 Bh5 8.e3 dxe3 9.Bxe3 Bd6
10.Nc3 Ngf6 11.Rb1 a5 12.a3 O-O 13.b4 axb4 14.axb4 Ra3 15.Qc1 Qa8 16.Nh4 Rc8
17.g4 Bg6 18.Nxg6 hxg6 19.Qb2 Bf8 20.c5 Ra2 21.Ra1 Rxa1 22.Rxa1 Qb8 23.Qa2 Ne8
24.Qa7 Nc7 25.f4 exf4 26.Qxb8 Nxb8 27.Bf2 Nba6 28.Rb1 Be7 29.d4 Bf6 30.Ne4 Nb5
31.d5 Be5 32.d6 Rb8 33.Bf1 Na3 34.Rb3 Nc2 35.b5 Nab4 36.Bc4 cxb5 37.Bxb5 f6
38.Nd2 Kf7 39.Nc4 Ke6 40.Nb6 f5 41.Bc4+  1-0

[Event "Commonwealth Ch"]
[Site "Mumbai IND"]
[Date "2003.04.25"]
[Round "8"]
[White "Rathnakaran,K"]
[Black "Vakhidov,T"]
[Result "0-1"]
[WhiteElo "2390"]
[BlackElo "2546"]

1.Nf3 d5 2.g3 g6 3.Bg2 Bg7 4.O-O e5 5.d3 Nc6 6.c3 a5 7.e4 Nge7 8.Nbd2 O-O
9.Re1 h6 10.Qe2 Re8 11.d4 exd4 12.exd5 Qxd5 13.Nxd4 Nxd4 14.cxd4 Qd8 15.Nb3 c6
16.Bf4 g5 17.Be3 Nf5 18.Bxg5 Rxe2 19.Bxd8 Rxe1+ 20.Rxe1 Be6 21.Bb6 Bxb3 22.axb3 Bxd4
23.Be4 Bxb6 24.Bxf5 Rd8 25.Re2 Kf8 26.Kg2 Bd4 27.g4 Bf6 28.f3 Rd4 29.Bb1 Rb4
30.Ba2 Bd8 31.Kg3 Bc7+ 32.Kg2 f6 33.h3 Be5 34.Kf2 Ke7 35.Ke3 Kd6 36.Kd3 Rf4
37.Rf2 Kc5 38.Bb1 Rb4 39.Kc2 Rd4 40.Re2 Bf4 41.Kc3 Be5 42.Bd3 Rf4+ 43.Kc2 Rxf3
44.h4 Rg3 45.Bf5 b5 46.h5 Bd4 47.Bd7 Be5 48.Bf5 Kb6 49.Bd7 c5 50.Be6 Kc6
51.Bf5 b4 52.Be4+ Kb6 53.Rg2 Rh3 54.Bd5 Kc7 55.Be6 Kd6 56.Bc4 Bd4 57.Re2 Be5
58.Rd2+ Ke7 59.Rg2 Rf3 60.Be2 Rf4 61.Bb5 Kd6 62.Kd3 Rf3+ 63.Kc2 Bd4 64.Bc4 Bf2
65.Kd2 Rf4 66.Ke2 Bd4 67.Kd3 Bf2 68.Ke2 Bh4 69.Bb5 Kd5 70.Kd3 Rf3+ 71.Kc2 Bf2
72.Kd1 Kd4 73.Ke2 Rxb3 74.Kxf2 Rxb2+ 75.Be2 a4 76.g5 fxg5 77.Rxg5 a3  0-1

[Event "Commonwealth Ch"]
[Site "Mumbai IND"]
[Date "2003.04.25"]
[Round "8"]
[White "Balasubramaniun,R"]
[Black "Shetty,R"]
[Result "0-1"]
[WhiteElo "2325"]
[BlackElo "2387"]

1.Nf3 d5 2.g3 Bg4 3.Bg2 Nd7 4.d3 c6 5.Nbd2 e5 6.O-O Bd6 7.e4 Ne7 8.c3 O-O
9.h3 Bh5 10.Re1 f6 11.Nf1 a5 12.Qc2 a4 13.g4 Bf7 14.Ng3 Nc5 15.Be3 dxe4 16.Nxe4 Nxe4
17.dxe4 Qa5 18.Bf1 Bc5 19.Nd2 Bxe3 20.Rxe3 Qc5 21.a3 Ng6 22.c4 Nf4 23.Nf3 Ra5
24.Ne1 Qa7 25.Rc1 h6 26.Rg3 b6 27.Re3 c5 28.Qc3 Qb7 29.Qd4 cxd4 30.Bd3  0-1

[Event "Vedior Trophy"]
[Site "Milan ITA"]
[Date "2003.04.26"]
[Round "1"]
[White "Dragojlovic,A"]
[Black "Sbarra,M"]
[Result "1/2-1/2"]
[WhiteElo "2335"]
[BlackElo "2217"]

1.Nf3 d5 2.g3 c5 3.Bg2 Nc6 4.d4 e6 5.O-O Nf6 6.c4 Be7 7.cxd5 exd5 8.Nc3 O-O
9.dxc5 Bxc5 10.Bg5 d4 11.Bxf6 Qxf6 12.Ne4 Qe7 13.Nxc5 Qxc5 14.Rc1 Qb6 15.Qc2 h6
16.Nh4 Be6 17.Nf5 Rad8 18.Bxc6 Bxf5 19.Qxf5 bxc6  1/2-1/2

[Event "60th ch-POL"]
[Site "Warsaw POL"]
[Date "2003.04.26"]
[Round "5"]
[White "Markowski,T"]
[Black "Socko,B"]
[Result "1/2-1/2"]
[WhiteElo "2587"]
[BlackElo "2577"]

1.g3 d5 2.Nf3 c6 3.Bg2 Bf5 4.O-O Nf6 5.d3 h6 6.c4 e6 7.cxd5 exd5 8.Qb3 Qb6
9.Qc2 Be7 10.Nc3 O-O 11.e4 dxe4 12.dxe4 Bh7 13.Be3 Qa5 14.a3 Nbd7 15.Rfd1 Nb6
16.Bd4 c5 17.Be5 Rfe8 18.Nd2 c4 19.Bd4 Rac8 20.Nf1 Nfd7 21.Ne3 Nc5 22.Rab1 Bf8
23.h4 Ne6 24.Bxb6 Qxb6 25.Ncd5  1/2-1/2

[Event "60th ch-POL"]
[Site "Warsaw POL"]
[Date "2003.04.27"]
[Round "6"]
[White "Urban,K"]
[Black "Murdzia,P"]
[Result "1/2-1/2"]
[WhiteElo "2451"]
[BlackElo "2452"]

1.Nf3 d5 2.g3 c6 3.Bg2 Nf6 4.O-O Bg4 5.d3 e6 6.h3 Bxf3 7.Bxf3 Nbd7 8.Bg2 Bc5
9.c4 O-O 10.Nc3 Qe7 11.Bd2 Rfd8 12.Qc2 dxc4 13.dxc4 Nb6 14.b3 Rd7 15.Rad1 Rad8
16.Bc1 Ba3 17.Rxd7 Rxd7 18.Bd2 Bb4 19.Rd1 h6 20.Be1 a5 21.Rd3 Rxd3 22.Qxd3 Nfd7
23.Bd2 Nc5 24.Qc2 a4 25.Be3 axb3 26.axb3 Ncd7 27.Nd1 Bc5 28.Bd2 Bb4 29.Be3 Bc5
30.Bd2 Bb4  1/2-1/2

[Event "60th ch-POL"]
[Site "Warsaw POL"]
[Date "2003.04.28"]
[Round "7"]
[White "Markowski,T"]
[Black "Staniszewski,Pi"]
[Result "1-0"]
[WhiteElo "2587"]
[BlackElo "2446"]

1.g3 d5 2.Nf3 g6 3.c4 d4 4.Bg2 Bg7 5.O-O c5 6.d3 Nc6 7.Na3 Nf6 8.Nc2 O-O
9.a3 a5 10.b3 e5 11.Rb1 e4 12.Ng5 exd3 13.exd3 Bg4 14.Qd2 Re8 15.h3 Bd7 16.Nf3 b6
17.b4 a4 18.Qd1 h6 19.Re1 Qc7 20.Bf4 Qa7 21.Ne5 Rac8 22.Nxd7 Qxd7 23.Rxe8+ Rxe8
24.Ne1 Nd8 25.bxc5 bxc5 26.Bd2 h5 27.Rb5 Qf5 28.Rb8 Kh7 29.Ba5 Qd7 30.Rxd8 Rxd8
31.Bxd8 Qxd8 32.Qxa4 h4 33.g4 Qc7 34.Nf3 Qf4 35.Qd1 Nd7 36.a4 Ne5 37.Nxe5 Bxe5
38.a5 Kg7 39.a6 Bb8 40.Qb1 g5 41.Kf1 Qd2 42.Be4 Qb4 43.Qxb4 cxb4 44.c5 b3
45.Bd5  1-0

[Event "60th ch-POL"]
[Site "Warsaw POL"]
[Date "2003.04.30"]
[Round "9"]
[White "Markowski,T"]
[Black "Grabarczyk,M"]
[Result "1/2-1/2"]
[WhiteElo "2587"]
[BlackElo "2508"]

1.g3 d5 2.Nf3 g6 3.c4 d4 4.Bg2 Bg7 5.O-O c5 6.d3 Nc6 7.Na3 Nf6 8.Nc2 O-O
9.a3 a5 10.b3 e5 11.Rb1 e4 12.Ng5 exd3 13.exd3 Bg4 14.Qd2 h6 15.h3 Bf5 16.Nf3 g5
17.Nfe1 Nd7 18.f4 gxf4 19.Qxf4 Bg6 20.Bd2 Re8 21.b4 axb4 22.axb4 cxb4 23.Nxb4 Nxb4
24.Rxb4 Nc5 25.Bd5 Re7 26.Qf3 Ra2 27.Bf4 Ra1 28.Bd2 Ra2 29.Bf4 Ra1 30.Bd2 Qe8
31.Rb5 Re2 32.Qg4 Kh7 33.Rxc5 Rxd2 34.Be4 Rdd1 35.Kf2 Ra2+ 36.Kg1 Raa1 37.Kf2 Rd2+
38.Kg1 Rdd1 39.Kf2 Ra2+ 40.Kg1 Raa1  1/2-1/2

[Event "60th ch-POL"]
[Site "Warsaw POL"]
[Date "2003.05.02"]
[Round "11"]
[White "Markowski,T"]
[Black "Cyborowski,L"]
[Result "1/2-1/2"]
[WhiteElo "2587"]
[BlackElo "2543"]

1.g3 d5 2.Nf3 g6 3.c4 d4 4.Bg2 Bg7 5.O-O c5 6.d3 Nc6 7.Na3 Nf6 8.Nc2 O-O
9.a3 a5 10.b3 e5 11.Rb1 e4 12.Ng5 exd3 13.exd3 Bg4 14.Qd2 h6 15.h3 Bf5 16.Nf3 g5
17.Nh2 Qc8 18.g4 Bg6 19.f4  1/2-1/2

[Event "60th ch-POL"]
[Site "Warsaw POL"]
[Date "2003.05.04"]
[Round "13"]
[White "Markowski,T"]
[Black "Kempinski,R"]
[Result "1-0"]
[WhiteElo "2587"]
[BlackElo "2553"]

1.g3 d5 2.Nf3 c5 3.Bg2 Nf6 4.O-O b5 5.d3 e6 6.e4 dxe4 7.Ng5 Bb7 8.Nc3 Be7
9.Ngxe4 Nxe4 10.Nxe4 Nc6 11.a4 bxa4 12.Rxa4 O-O 13.Be3 Qb6 14.b3 Nb4 15.Nd2 Bxg2
16.Kxg2 Qc6+ 17.Kg1 e5 18.Nc4 Qd5 19.Bd2 Nc6 20.Bc3 Rad8 21.Qe2 Rfe8 22.Qe4 Qd7
23.Ra6 Rc8 24.Nxe5 Nxe5 25.Bxe5 Bf6 26.f4 Bxe5 27.fxe5 Re7 28.Rd6 Qc7 29.Qd5 h6
30.e6 fxe6 31.Rxe6 Kh8 32.Qe4 Rxe6 33.Qxe6 Rg8 34.Rf7 Qa5 35.Qe5 a6 36.Kg2 Qb4
37.Rf4 Qd2+ 38.Rf2 Qb4 39.Qe3 Qc3 40.Qe4 a5 41.g4 Rd8 42.h3 Qb2 43.Qe7 Qd4
44.Re2 Rc8 45.Qe5 Qd7 46.Re4 Qc6 47.Qe6 Qc7 48.Qe7 Qc6 49.Kg3 Qb6 50.Qe6 Qc7+
51.Qe5 Qb6 52.Qf5 Qb8+ 53.Qf4 Qb6 54.Kh2 Rd8 55.Re7 Rc8 56.Qe5 Rg8 57.Re6  1-0

[Event "St Petersburg vs. Moscow"]
[Site "St Petersburg RUS"]
[Date "2003.05.05"]
[Round "2"]
[White "Loginov,Va"]
[Black "Kosyrev,V"]
[Result "1-0"]
[WhiteElo "2540"]
[BlackElo "2530"]

1.Nf3 d5 2.g3 Nf6 3.Bg2 e6 4.O-O Be7 5.d3 b6 6.Nbd2 Bb7 7.e4 c5 8.c3 Nc6
9.Re1 Qc7 10.Nf1 O-O-O 11.Bf4 Qd7 12.Qa4 h6 13.h4 Rdg8 14.b4 Ng4 15.exd5 exd5
16.b5 Na5 17.Bh3 f5 18.Bxg4 fxg4 19.Ne5 Qe8 20.Ng6 Qxg6 21.Rxe7 Qh5 22.d4 c4
23.Qa3 Rd8 24.Rae1 g5 25.hxg5 hxg5 26.Rc7+ Kb8 27.Rh7+ gxf4 28.Rxh5 Rxh5
29.Qe7 Rhh8 30.gxf4 Bc8 31.Ng3 Nb7 32.Re5 Nd6 33.Rxd5 Bb7 34.Rxd6 Rde8 35.Qe5 Rxe5
36.dxe5 Bf3 37.e6  1-0

[Event "St Petersburg vs. Moscow"]
[Site "St Petersburg RUS"]
[Date "2003.05.05"]
[Round "2"]
[White "Shorokhov,A"]
[Black "Mukhin,G"]
[Result "1/2-1/2"]
[WhiteElo "2430"]
[BlackElo "2361"]

1.Nf3 d5 2.g3 g6 3.Bg2 Bg7 4.O-O e5 5.c4 c6 6.Na3 e4 7.Ne1 Nf6 8.cxd5 cxd5
9.d3 O-O 10.Bg5 h6 11.Bxf6 Qxf6 12.Rb1 Bf5 13.Qb3 Nc6 14.Nec2 Rfd8 15.Nb5 Qe7
16.Rfd1 Rac8 17.Ne3 Be6 18.dxe4 dxe4 19.Nd5 Bxd5 20.Rxd5 a6 21.Nc3  1/2-1/2

[Event "Capablanca Mem Mixto"]
[Site "Havana CUB"]
[Date "2003.05.06"]
[Round "1"]
[White "Lucena,L"]
[Black "Frometa,Z"]
[Result "0-1"]
[WhiteElo "2193"]
[BlackElo "2216"]

1.Nf3 d5 2.g3 e6 3.Bg2 Bd6 4.d4 f5 5.c4 c6 6.Qc2 Nf6 7.O-O O-O 8.b3 Qe7 9.Bb2 Nbd7
10.e3 b6 11.Ne5 Bb7 12.Nd2 Rac8 13.Nd3 Ng4 14.h3 Ngf6 15.Nf3 c5 16.Nfe5 cxd4
17.exd4 Ne4 18.Qe2 Bxe5 19.Nxe5 Nxe5 20.dxe5 dxc4 21.bxc4 Qc5 22.Kh2 Qxc4
23.Qe3 Qa6 24.Rfd1 Rc2 25.Bxe4 Bxe4 26.Rd2 Rxd2 27.Qxd2 Bd5 28.Rc1 Qxa2 29.Qb4 Qb3
30.Qxb3 Bxb3 31.Rc7 Ra8 32.Bd4 Bd5 33.g4 f4 34.f3 Bxf3 35.Kg1 Bd5 36.h4 h6
37.Kf2 Be4 38.g5 hxg5 39.hxg5 Rd8 40.Bc3 Rd3 41.Bb4 a5  0-1

[Event "Riviera IM"]
[Site "Opatija CRO"]
[Date "2003.05.06"]
[Round "9"]
[White "Kamberovic,S"]
[Black "Glavas,D"]
[Result "1-0"]
[WhiteElo "2231"]
[BlackElo "2221"]

1.Nf3 d5 2.g3 Bg4 3.Bg2 c6 4.b3 Nd7 5.h3 Bxf3 6.Bxf3 e5 7.Bg2 Ngf6 8.O-O Bd6
9.a4 O-O 10.Ba3 Qe7 11.Bxd6 Qxd6 12.d3 d4 13.Qc1 Qb4 14.a5 Nd5 15.c4 Nc7
16.Nd2 Nc5 17.h4 N7a6 18.Qd1 Rae8 19.f4 exf4 20.Rxf4 Ne6 21.Rf2 f5 22.Bf3 Qd6
23.Nf1 Nac5 24.b4 Nd7 25.b5 Ne5 26.a6 Nxf3+ 27.Rxf3 b6 28.bxc6 Qxc6 29.Qe1 g5
30.Qf2 f4 31.Qg2 g4 32.Rf2 Qxg2+ 33.Kxg2 h5 34.Rb1 Rf5 35.Nd2 Ref8 36.Rbf1 Ra5
37.gxf4 Ng7 38.Nb3 Nf5 39.Nxa5 bxa5 40.Ra1 Nxh4+ 41.Kh2 Nf5 42.Rg2 Kg7 43.Rxa5 Kg6
44.Rg1 Rf6 45.Rb1 Re6 46.Re5 Rxa6 47.Rbb5 Rf6 48.Ra5 a6 49.Rxf5 Rxf5 50.Rxa6+ Kg7
51.Kg3 Rf7 52.Re6 Kh7 53.Re5 Kh6 54.Kh4 Rxf4 55.Rxh5+ Kg6 56.Rg5+ Kf6 57.Rxg4 Rf2
58.Rxd4 Rxe2 59.Kg3 Ke5 60.Rd5+ Ke6 61.Kf3 Re1 62.Kf2  1-0

[Event "Capablanca Mem Premier I"]
[Site "Havana CUB"]
[Date "2003.05.10"]
[Round "5"]
[White "Szekely,P"]
[Black "Ramirez,Al"]
[Result "1/2-1/2"]
[WhiteElo "2417"]
[BlackElo "2421"]

1.Nf3 d5 2.g3 Nf6 3.Bg2 c6 4.O-O g6 5.d3 Bg7 6.Nbd2 O-O 7.e4 Nbd7 8.Re1 e5
9.exd5 Nxd5 10.c3 Qc7 11.Qc2 b6 12.Nc4  1/2-1/2

[Event "National I"]
[Site "Clermont-Ferrand FRA"]
[Date "2003.05.11"]
[Round "11"]
[White "Brunelliere,P"]
[Black "Mazet,J"]
[Result "1-0"]
[WhiteElo "2332"]
[BlackElo "2221"]

1.Nf3 d5 2.g3 Nf6 3.b3 g6 4.Bb2 Bg7 5.Bg2 O-O 6.O-O a5 7.d3 c6 8.a3 Nbd7
9.Nbd2 Nc5 10.c4 b6 11.Qc2 Bb7 12.Rfc1 Ne8 13.Bxg7 Nxg7 14.b4 Nce6 15.Qb2 axb4
16.axb4 Qd6 17.c5 Qc7 18.Nb3 bxc5 19.bxc5 Rfb8 20.Qe5 Qxe5 21.Nxe5 Rxa1 22.Rxa1 f6
23.Nd7 Ra8 24.Rxa8+ Bxa8 25.Na5 Nd8 26.Nb6 Bb7 27.Nxd5 Kf8 28.Nb4 Nge6 29.Nb3 Ke8
30.d4 Kd7 31.e3 Nf8 32.Na5 Kc7 33.Kf1 Nd7 34.Ke2 Nb8 35.Kd2 Bc8 36.Kc3 Bd7
37.d5 Be8 38.dxc6 Bxc6 39.Naxc6 Ndxc6 40.Nxc6 Nxc6 41.Bxc6  1-0

[Event "Capablanca Mem Premier I"]
[Site "Havana CUB"]
[Date "2003.05.17"]
[Round "12"]
[White "Szekely,P"]
[Black "Vilela,JL"]
[Result "1/2-1/2"]
[WhiteElo "2417"]
[BlackElo "2390"]

1.Nf3 d5 2.g3 c6 3.Bg2 Nf6 4.O-O Bg4 5.d3 Nbd7 6.Nbd2 e6 7.e4 Be7 8.b3 O-O
9.Bb2 a5 10.a3 b5 11.h3 Bxf3  1/2-1/2

[Event "22nd Mitropa Cup"]
[Site "Pula CRO"]
[Date "2003.05.17"]
[Round "1"]
[White "Manik,M"]
[Black "Sedina,E"]
[Result "1/2-1/2"]
[WhiteElo "2465"]
[BlackElo "2434"]

1.Nf3 d5 2.g3 c6 3.Bg2 Bg4 4.d3 Nd7 5.O-O e6 6.Nbd2 Ngf6 7.e4 Bc5 8.h3 Bh5
9.Qe1 O-O 10.Nb3 Bb6 11.Nh4 Bg6 12.Kh2 e5 13.Nxg6 hxg6 14.Qe2 Re8 15.Nd2 Nc5
16.Rd1 Qc7 17.Nf1 a5 18.Bd2 Rad8 19.Be1 Ne6 20.c3 Nc5 21.Qc2 Rd7 22.Ne3 Ne6
23.Qe2 Nf4 24.Qf3 Nxg2 25.Kxg2 Bxe3 26.Qxe3 dxe4 27.dxe4 Red8 28.Rxd7 Rxd7
29.f3 a4  1/2-1/2

[Event "TCh-Serbia & Montenegro"]
[Site "Budva YUG"]
[Date "2003.05.18"]
[Round "?"]
[White "Misailovic,N"]
[Black "Kalezic,B"]
[Result "1-0"]
[WhiteElo "2334"]
[BlackElo "2463"]

1.Nf3 d5 2.g3 c6 3.Bg2 Bg4 4.h3 Bh5 5.c4 e6 6.O-O Nf6 7.d3 Nbd7 8.Nc3 Be7
9.Bf4 O-O 10.cxd5 exd5 11.e4 Nc5 12.exd5 Nxd5 13.Nxd5 Qxd5 14.g4 Bg6 15.Ne5 Qd4
16.Nxg6 fxg6 17.Be3 Qxd3 18.b4 Qxd1 19.Raxd1 Na4 20.Rd7 Bxb4 21.Rxb7 a5 22.a3 Bxa3
23.Bxc6 Nc3 24.Rb3 Bb4 25.Bxa8 Rxa8 26.Kg2 Nd5 27.Rd3 Nxe3+ 28.fxe3 a4 29.Rd7 a3
30.Rff7 a2 31.Rxg7+ Kf8 32.Rdf7+ Ke8 33.Rg8+ Kxf7 34.Rxa8  1-0

[Event "ch-RUS w"]
[Site "Elista RUS"]
[Date "2003.05.18"]
[Round "1"]
[White "Bystryakova,E"]
[Black "Rubzova,T"]
[Result "1/2-1/2"]
[WhiteElo "2197"]
[BlackElo "2317"]

1.Nf3 d5 2.g3 c5 3.Bg2 Nc6 4.O-O Nf6 5.d3 e5 6.Nbd2 Be7 7.c3 O-O 8.e4 h6
9.Re1 d4 10.Nc4 Qc7 11.a4 Be6 12.cxd4  1/2-1/2

[Event "53rd ch-HUN"]
[Site "Heviz HUN"]
[Date "2003.05.18"]
[Round "7"]
[White "Ruck,R"]
[Black "Gyimesi,Z"]
[Result "1/2-1/2"]
[WhiteElo "2569"]
[BlackElo "2567"]

1.Nf3 d5 2.g3 Nf6 3.Bg2 c6 4.O-O Bg4 5.d4 Nbd7 6.Nbd2 e6 7.Re1 Be7 8.e4 dxe4
9.Nxe4 Nxe4 10.Rxe4 Bf5 11.Re1 O-O 12.c4 Nf6 13.b3 Bb4 14.Re3 Ng4 15.Re2 Bc3
16.Bb2 Bxb2 17.Rxb2 Be4 18.Rd2 Nf6 19.Ne5 Bxg2 20.Kxg2 Qb6 21.Qf3  1/2-1/2

[Event "ch-URU"]
[Site "Montevideo URU"]
[Date "2003.05.18"]
[Round "3"]
[White "Bauza,A"]
[Black "Saralegui,M"]
[Result "1/2-1/2"]
[WhiteElo "2233"]
[BlackElo "2176"]

1.Nf3 d5 2.g3 Nf6 3.Bg2 c6 4.b3 Bg4 5.Bb2 Nbd7 6.O-O e6 7.d3 Bd6 8.Nbd2 O-O
9.e4 dxe4 10.dxe4 Be5 11.Qc1 Bxb2 12.Qxb2 Qc7 13.Rfe1 Bxf3 14.Nxf3 Rfd8 15.e5 Nd5
16.Qd4 Ne7 17.Qe4 Nf8 18.h4 Rd7 19.Bf1 Rad8 20.h5 h6 21.Bd3 Nf5 22.Kg2 Nd4
23.Nh2 c5 24.Qe3 Nf5 25.Qf3 Nd4 26.Qe3  1/2-1/2

[Event "22nd Mitropa Cup"]
[Site "Pula CRO"]
[Date "2003.05.18"]
[Round "2"]
[White "Likavsky,T"]
[Black "Buhmann,R"]
[Result "1/2-1/2"]
[WhiteElo "2453"]
[BlackElo "2526"]

1.g3 d5 2.Nf3 Nf6 3.Bg2 c6 4.b3 Bf5 5.Bb2 e6 6.d3 h6 7.O-O Be7 8.c4 O-O 9.Nbd2 a5
10.a3 Bh7 11.Ra2 Na6 12.Qa1 b5 13.Rc1 Qb6 14.cxb5 cxb5 15.Bd4 Qb7 16.Rac2 Rfc8
17.a4 Rxc2 18.Rxc2 Nb4 19.Rc1 Nc6 20.Bc5 Bd8 21.axb5 Qxb5 22.Nd4 Nxd4 23.Bxd4 a4
24.Bxf6 Bxf6 25.Qxa4 Qxa4 26.bxa4 g5 27.e4 Rxa4 28.exd5 exd5 29.Bxd5 Bxd3
30.Nc4 Bg6 31.Kg2 Ra7 32.Ne3 Bd4 33.Rd1 Bg7 34.g4 Ra4 35.Bf3 Bd4 36.Nf5 Bxf5
37.gxf5 Kg7 38.Bh5 Kf6 39.Rd2 Bc5 40.Rc2 Bd6 41.Rc6 Rd4 42.h3 Rd2  1/2-1/2

[Event "53rd ch-HUN"]
[Site "Heviz HUN"]
[Date "2003.05.20"]
[Round "9"]
[White "Ruck,R"]
[Black "Varga,Zo"]
[Result "1/2-1/2"]
[WhiteElo "2569"]
[BlackElo "2533"]

1.Nf3 d5 2.g3 c6 3.Bg2 Nf6 4.O-O Bg4 5.d4 Nbd7 6.Nbd2 e6 7.c4 Be7 8.b3 O-O
9.Bb2 a5 10.a3 h6 11.Bc3  1/2-1/2

[Event "TCh-RUS"]
[Site "Togliatti RUS"]
[Date "2003.05.21"]
[Round "6"]
[White "Odinokov,N"]
[Black "Vitiugov,N"]
[Result "1/2-1/2"]
[WhiteElo "2349"]
[BlackElo "2447"]

1.Nf3 d5 2.g3 g6 3.Bg2 Bg7 4.O-O e5 5.c4 d4 6.d3 Ne7 7.Na3 O-O 8.Nc2 a5 9.Rb1 h6
10.b3 Be6 11.e3 Nbc6 12.exd4 exd4 13.a3 Qd7 14.b4 axb4 15.axb4 b5 16.cxb5 Na7
17.Ncxd4 Bxd4 18.Nxd4 Qxd4 19.Be3 Qd8 20.Ra1 Bd5 21.Bxa7 Nf5 22.Be4 Re8 23.Re1 Bxe4
24.dxe4 Qxd1 25.Raxd1 Nxg3 26.hxg3 Rxa7 27.Rd7 Rb7 28.Rd5 Reb8 29.e5 Rxb5
30.Rxb5 Rxb5 31.Re4  1/2-1/2

[Event "ch-RUS w"]
[Site "Elista RUS"]
[Date "2003.05.22"]
[Round "5"]
[White "Kuzmina,O"]
[Black "Grabuzova,T"]
[Result "1-0"]
[WhiteElo "2256"]
[BlackElo "2375"]

1.Nf3 d5 2.g3 e6 3.Bg2 c5 4.O-O Nf6 5.d4 cxd4 6.Nxd4 e5 7.Nb3 h6 8.c4 dxc4
9.Qxd8+ Kxd8 10.Na5 e4 11.Rd1+ Ke8 12.Nxc4 Nc6 13.Nc3 Bf5 14.Nb5 Ke7 15.b3 Ne8
16.Ne3 Ke6 17.Nxf5 Kxf5 18.g4+ Kxg4 19.Bxe4 Nf6 20.h3+ Kh5 21.Bf3+ Kg6 22.Bf4 a6
23.Nc7 Rc8 24.Rac1 Ba3 25.Rc4 Rhd8 26.e3 Rxd1+ 27.Bxd1 Ne8 28.Nd5 Rd8 29.Bf3 Bd6
30.Kg2 Ne5 31.Be4+ Kh5 32.Bxe5 Bxe5 33.Rc5 g5 34.Ne7  1-0

[Event "Kings Cup"]
[Site "Bucharest ROM"]
[Date "2003.05.23"]
[Round "6"]
[White "Badea,B"]
[Black "Vajda,Al"]
[Result "1/2-1/2"]
[WhiteElo "2501"]
[BlackElo "2437"]

1.Nf3 d5 2.g3 c6 3.Bg2 Bf5 4.O-O Nf6 5.c4 e6 6.cxd5 exd5 7.d3 Be7 8.Qc2 O-O
9.Nh4 Be6 10.e4 Na6 11.Rd1 dxe4 12.dxe4 Qa5 13.Nc3 Ng4 14.h3 Bxh4 15.gxh4 Ne5
16.f4 Nb4 17.Qb1 Qc5+ 18.Kh1 Rad8 19.fxe5 Bxa2 20.Rxa2 Rxd1+ 21.Nxd1 Nxa2
22.Be3 Qc4 23.Nf2 Nb4 24.Qd1 a5 25.h5 Nc2 26.Bf4 h6 27.Ng4 Nd4 28.Qd2 Ne6
29.Bxh6 Rd8 30.Qf2 Rd1+ 31.Kh2 Qb4 32.Be3 Qe1 33.Qf5 Rd3 34.Bf4 Rd1 35.Be3 Rd3
36.Bf2 Qd2 37.Bg3 Nd4 38.Qc8+ Kh7 39.h4 Qe2 40.h6 Nf3+ 41.Kh3  1/2-1/2